NBA Rookie of the Year depuis 2000 - Statistiques

Statistiques générales
  • Ce quiz a été pris 106 fois
  • Le résultat moyen est 15 sur 26
Statistiques - réponses
Année Franchise Réponse % Correct
2024 San Antonio Spurs Victor Wembanyama
99%
2019 Dallas Mavericks Luka Doncic
90%
2020 Memphis Grizzlies Ja Morant
87%
2021 Charlotte Hornets LaMelo Ball
86%
2023 Orlando Magic Paolo Banchero
86%
2025 San Antonio Spurs Stephon Castle
83%
2004 Cleveland Cavaliers LeBron James
79%
2018 Philadelphie 76ers Ben Simmons
73%
2008 Seattle Supersonics Kevin Durant
72%
2009 Chicago Bulls Derrick Rose
71%
2012 Cleveland Cavaliers Kyrie Irving
68%
2013 Portland Trail Blazers Damian Lillard
67%
2016 Minnesota Timberwolves Karl-Anthony Towns
67%
2011 Los Angeles Clippers Blake Griffin
64%
2022 Toronto Raptors Scottie Barnes
64%
2006 New Orleans Hornets Chris Paul
59%
2015 Minnesota Timberwolves Andrew Wiggins
58%
2007 Portland Trail Blazers Brandon Roy
35%
2017 Milwaukee Bucks Malcolm Brogdon
32%
2002 Memphis Grizzlies Pau Gasol
32%
2014 Philadelphie 76ers Michael Carter-Williams
26%
2010 Sacramento Kings Tyreke Evans
23%
2003 Phoenix Suns Amar'e Stoudemire
18%
2000 Chicago Bulls Elton Brand
9%
2005 Charlotte Bobcats Emeka Okafor
8%
2001 Orlando Magic Mike Miller
5%
Aucun quiz correspondant
Distribution des résultats
% des personnes avec chaque résultat
Percentile par nombre de réponses
Votre historique - résultats
Vous n’avez pas pris ce quiz